Closest Countries to Point Nemo - Statistics

General Stats
  • This quiz has been taken 24 times
  • The average score is 8 of 10
Answer Stats
Answer Distance % Correct
Australia 3,750 km (2,330 miles)
94%
Kiribati 4,570 km (2,840 miles)
88%
New Zealand 3,500 km (2,175 miles)
88%
Chile 2,688 km (1,670 miles)
81%
Samoa 4,320 km (2,680 miles)
81%
Tonga 4,400 km (2,735 miles)
81%
Tuvalu 4,450 km (2,765 miles)
81%
Vanuatu 4,100 km (2,550 miles)
81%
Argentina 2,985 km (1,855 miles)
69%
Fiji 4,200 km (2,615 miles)
69%
No matching quizzes found
Score Distribution
Percent of People with Each Score
Percentile by Number Answered
Your Score History
You have not taken this quiz